| 000 | 00471nam a2200181Ia 4500 | ||
|---|---|---|---|
| 001 | 13144 | ||
| 005 | 20260306163032.0 | ||
| 008 | 260306t2009||||xx |||||||||||||| ||spa|| | ||
| 041 | _aESP | ||
| 082 |
_a306.085 _bD45 |
||
| 100 |
_aDegregori, Carlos Iván (Ed.) _eAUT |
||
| 245 | 0 |
_aNo hay país más diverso: _bcompendio de antropología peruana |
|
| 260 | _c2009 | ||
| 300 |
_a444 páginas : _c22 cm. |
||
| 650 | _aGEN | ||
| 654 | _aCED | ||
| 942 |
_cLIB _dJUS _fJUS _2ddc _n |
||
| 999 |
_c13144 _d13144 |
||